<?xml version="1.0" encoding="UTF-8"?>
<marc:record xmlns:marc="http://www.loc.gov/MARC21/slim">
   <marc:leader>00000nam a2200000 a 4500</marc:leader>
   <marc:datafield ind1="1" ind2=" " tag="100">
      <marc:subfield code="a">Weber-Eisenmann, Barbara</marc:subfield>
      <marc:subfield code="4">aut</marc:subfield>
      <marc:subfield code="e">Verfasser/-in</marc:subfield>
   </marc:datafield>
   <marc:datafield ind1=" " ind2=" " tag="653">
      <marc:subfield code="a">F||Ratgeber</marc:subfield>
   </marc:datafield>
   <marc:datafield ind1=" " ind2=" " tag="653">
      <marc:subfield code="a">Selbständigkeit</marc:subfield>
   </marc:datafield>
   <marc:datafield ind1=" " ind2=" " tag="653">
      <marc:subfield code="a">Erziehung</marc:subfield>
   </marc:datafield>
   <marc:datafield ind1=" " ind2=" " tag="653">
      <marc:subfield code="a">Kleinkind</marc:subfield>
   </marc:datafield>
   <marc:datafield ind1=" " ind2=" " tag="653">
      <marc:subfield code="a">Pädagogik</marc:subfield>
   </marc:datafield>
   <marc:datafield ind1=" " ind2=" " tag="653">
      <marc:subfield code="a">Erziehung &lt;Kleinkind&gt;</marc:subfield>
   </marc:datafield>
   <marc:datafield ind1="0" ind2="0" tag="245">
      <marc:subfield code="a">Ich kann das schon!</marc:subfield>
   </marc:datafield>
   <marc:datafield ind1="0" ind2="0" tag="245">
      <marc:subfield code="b">wie du dein Kind liebevoll unterstützt, kleine Aufgaben zu meistern und eigenständig zu werden  - entspannt durch den Familienalltag</marc:subfield>
   </marc:datafield>
   <marc:datafield ind1="0" ind2="0" tag="245">
      <marc:subfield code="c">Barbara Weber-Eisenmann</marc:subfield>
   </marc:datafield>
   <marc:datafield ind1=" " ind2="1" tag="264">
      <marc:subfield code="a">Hannover</marc:subfield>
      <marc:subfield code="b">humboldt</marc:subfield>
      <marc:subfield code="c">2024</marc:subfield>
   </marc:datafield>
   <marc:datafield ind1="1" ind2=" " tag="520">
      <marc:subfield code="a">Praktischer Ratgeber: Werkzeugkoffer voller Impulse, um Kinder in Aufgaben einzubinden und ihre Selbstständigkeit zu fördern &#x95; Entspannter Familienalltag: Tipps und Strategien, um den Alltag mit 2&#x96;6-jährigen Kindern zu entspannen und gleichzeitig die kindliche Entwicklung zu unterstützen &#x95; Pädagogische Expertise: Von der erfahrenen Pädagogin Barbara Weber-Eisenmann verfasst, basierend auf fundierten Erkenntnissen zur kindlichen Entwicklung Kann mein Kind das schon? Kann ich ihm zutrauen, sich allein anzuziehen, die Zähne zu putzen, das Zimmer aufzuräumen oder eigene Ideen bei Langeweile zu entwickeln? In diesem Ratgeber erklärt Pädagogin Barbara Weber-Eisenmann Eltern, wie Eltern die Eigenständigkeit ihres Kindes unterstützen, indem sie es in ihre Alltagsaufgaben einbeziehen. Das Beste: So fördern sie nicht nur die kindliche Entwicklung und das Bedürfnis nach Autonomie, sondern finden auch selbst mehr Entspannung. Anhand von typischen Tagesabläufen zeigt der Ratgeber, welche Aufgaben Kinder spielerisch bewältigen können, wie dadurch ihre Selbstwirksamkeit und Eigenständigkeit gestärkt werden und Eltern gleichzeitig wieder mehr Freiraum für eigene Bedürfnisse gewinnen. Ganz nach dem Motto &#x84;Wie ich dir helfe, eigenständig zu werden &#x96; wie du mir hilfst, weniger Zeitdruck zu haben.&#x93;</marc:subfield>
   </marc:datafield>
   <marc:datafield ind1=" " ind2=" " tag="020">
      <marc:subfield code="a">9783842617292</marc:subfield>
      <marc:subfield code="9">9783842617292</marc:subfield>
   </marc:datafield>
   <marc:datafield ind1=" " ind2=" " tag="020">
      <marc:subfield code="a">3842617291</marc:subfield>
      <marc:subfield code="9">3842617291</marc:subfield>
   </marc:datafield>
   <marc:datafield ind1="3" ind2=" " tag="024">
      <marc:subfield code="a">9783842617292</marc:subfield>
   </marc:datafield>
   <marc:datafield ind1=" " ind2=" " tag="041">
      <marc:subfield code="a">ger</marc:subfield>
   </marc:datafield>
   <marc:datafield ind1="0" ind2=" " tag="490">
      <marc:subfield code="v">0</marc:subfield>
   </marc:datafield>
   <marc:datafield ind1=" " ind2=" " tag="300">
      <marc:subfield code="a">240 Seiten, Illustrationen</marc:subfield>
   </marc:datafield>
</marc:record>
